Normal view
MARC view
- Muhammad Bin Abdul Aziz
Entry Personal Name
001 - CONTROL NUMBER
- control field: 9725
003 - CONTROL NUMBER IDENTIFIER
- control field: NUST
005 - DATE AND TIME OF LATEST TRANSACTION
- control field: 20180124144214.0
008 - FIXED-LENGTH DATA ELEMENTS
- fixed length control field: 180124|| aca||aabn | a|a d
040 ## - CATALOGING SOURCE
- Original cataloging agency: NUST
- Transcribing agency: NUST
100 ## - HEADING--PERSONAL NAME
- Personal name: Muhammad Bin Abdul Aziz
670 ## - SOURCE DATA FOUND
- Source citation: Work cat.: (NUST)325031: Muhammad Bin Abdul Aziz, Fatawa Baraye Khawateen, 2014
